000 00623nam a2200217Ia 4500
005 20250508152947.0
008 008 250505s9999 xx 000 0 eng d
037 _aTextual
040 _aFEDL
_beng
_cFEDL
041 _aeng
_2eng
084 _a155.4, CRO
_qFEDL
100 _aCrow Lester D
245 0 _aChild development and adjustment : A study of child psychology
260 _aNew York, USA
_bThe Macmillan Company
_c1962
300 _axi,514p
365 _aINR
_b34.12
650 _aChild Psychology
700 _a Crow Alic
_9762845
942 _cTEXL
_h155.4, CRO
999 _c1339847
_d1339847